| 000 | 00391nam a2200157Ia 4500 | ||
|---|---|---|---|
| 008 | 230711s9999||||xx |||||||||||||| ||und|| | ||
| 041 | _aENG | ||
| 082 |
_a621.314 _bSU-T |
||
| 100 | _aSudhakar,A | ||
| 245 | 0 | _aCircuits and networks | |
| 250 | _a3rd Ed. | ||
| 260 |
_c2007 _aNew Delhi _bTata McGraw Hill Education Limited |
||
| 300 | _a754 | ||
| 650 | _aElectrical Engineering | ||
| 942 | _cBK | ||
| 999 |
_c3305 _d3305 |
||